书目信息 |
| 题名: |
大学物理实验
|
|
| 作者: | 孙茂珠 , 张建军 主编 | |
| 分册: | ||
| 出版信息: | 北京 北京邮电大学出版社 2018 |
|
| 页数: | 217页 | |
| 开本: | 26cm | |
| 丛书名: | ||
| 单 册: | ||
| 中图分类: | O4-33 | |
| 科图分类: | ||
| 主题词: | 物理学--wu li xue--实验--高等学校--教材 | |
| 电子资源: | ||
| ISBN: | 978-7-5635-5387-7 | |
| 000 | 01095nam0 2200265 450 | |
| 001 | 012001002801 | |
| 005 | 20131015162615.0 | |
| 010 | @a978-7-5635-5387-7@dCNY35.00 | |
| 099 | @aCAL 012018061486 | |
| 100 | @a20180525d2018 em y0chiy50 ea | |
| 101 | 0 | @achi |
| 102 | @aCN@b110000 | |
| 105 | @ay z 000yy | |
| 106 | @ar | |
| 200 | 1 | @a大学物理实验@ADa Xue Wu Li Shi Yan@f主编孙茂珠, 张建军 |
| 210 | @a北京@c北京邮电大学出版社@d2018 | |
| 215 | @a217页@d26cm | |
| 330 | @a本书是根据教育部颁布的《非物理类理工科大学物理实验课程教学基本要求》, 并结合物理实验室仪器设备的实际情况, 在总结多年教学实践的基础上编写而成。全书共分为6章, 共34个实验。主要内容包括: 绪论; 实验数据处理基础知识; 基础实验; 综合实验; 研究型实验; 虚拟实验。书末附录介绍了国际单位制, 给出了常用的物理参数和常用仪器的性能参数, 以便查阅。 | |
| 333 | @a普通高等教育“十三五”规划教材 | |
| 606 | 0 | @a物理学@Awu li xue@x实验@x高等学校@j教材 |
| 690 | @aO4-33@v5 | |
| 701 | 0 | @a孙茂珠@ASun Mao Zhu@4主编 |
| 701 | 0 | @a张建军@AZhang Jian Jun@4主编 |
| 801 | 0 | @aCN@b北京卓展@c20191020 |
| 905 | @b1205843-5@dO4-33@e1014@f3 | |
| 大学物理实验/主编孙茂珠, 张建军.-北京:北京邮电大学出版社,2018 |
| 217页;26cm |
| 使用对象:普通高等教育“十三五”规划教材 |
| ISBN 978-7-5635-5387-7:CNY35.00 |
| 本书是根据教育部颁布的《非物理类理工科大学物理实验课程教学基本要求》, 并结合物理实验室仪器设备的实际情况, 在总结多年教学实践的基础上编写而成。全书共分为6章, 共34个实验。主要内容包括: 绪论; 实验数据处理基础知识; 基础实验; 综合实验; 研究型实验; 虚拟实验。书末附录介绍了国际单位制, 给出了常用的物理参数和常用仪器的性能参数, 以便查阅。 |
| ● |
| 相关链接 |
|
|
|
|
正题名:大学物理实验
索取号:O4-33/1014
 
预约/预借
| 序号 | 登录号 | 条形码 | 馆藏地/架位号 | 状态 | 备注 |
| 1 | 1205843 | 212058431 | 第二样本阅览室/ [索取号:O4-33/1014] | 在馆 | |
| 2 | 1205844 | 212058440 | 第三借阅区/ [索取号:O4-33/1014] | 在馆 | |
| 3 | 1205845 | 212058459 | 第三借阅区/ [索取号:O4-33/1014] | 在馆 |